Rowan Atkinson Filmography - Statistics

General Stats
  • This quiz has been taken 254 times
    74 since last reset
  • The average score is 12 of 122
Answer Stats
Type Year Name % Correct
TV Show 1990-1995 Mr. Bean
94%
TV Show 2002-2004, 2015-2016, 2019, 2025 Mr. Bean: The Animated Series
94%
Film 2003 Johnny English
73%
TV Show 1983, 2003 Blackadder
52%
Film 2003 Love Actually
52%
Film 2007 Mr. Bean's Holiday
52%
Film 1997 Bean
45%
Film 2018 Johnny English Strikes Again
42%
Film 2011 Johnny English Reborn
39%
Web Series 2022 Man vs. Bee
39%
Film 1994 The Lion King
36%
TV Show 1979-1982 Not the Nine O'Clock News
30%
Film 2001 Rat Race
30%
TV Show 1986 Blackadder II
27%
TV Show 1989 Blackadder Goes Forth
24%
TV Show 1987 Blackadder the Third
24%
Film 2002 Scooby-Doo
24%
Film 1994 Four Weddings and a Funeral
21%
Web Series TBA Man vs. Baby
21%
TV Short 2015 Mr. Bean: Funeral
21%
Film 1983 Never Say Never Again
21%
Film 2023 Wonka
21%
Short Film 1999 Blackadder: Back & Forth
15%
Film 2005 Keeping Mum
15%
Film 1990 The Witches
15%
TV Film 1988 Blackadder's Christmas Carol
12%
TV Show 1979 Rowan Atkinson Presents...Canned Laughter
12%
TV Show 1987 Saturday Live
12%
TV Show 1978 And Now the Good News
9%
TV Short 1999 Doctor Who: The Curse of Fatal Death
9%
Film 1993 Hot Shots! Part Deux
9%
TV Show 1980 Lena
9%
Film 2000 Maybe Baby
9%
Film 1989 The Tall Guy
9%
TV Show 1990 A Bit of Fry & Laurie
6%
TV Special 1988 Comic Relief
6%
Documentary Series 1992 Funny Business
6%
TV Show 1991, 1992 Going Live!
6%
TV Short 1991 Hale & Pace: The Stonk
6%
Film TBA Johnny English 4
6%
TV Show 1996 Late Night with Conan O'Brien
6%
TV Show 1993 Live & Kicking
6%
TV Show 2016-2017 Maigret
6%
TV Short 2019 One Red Nose Day and a Wedding
6%
TV Short 2017 Red Nose Day Actually
6%
TV Show 1994 Schmidteinander
6%
Commercial 2014 Snickers
6%
TV Show 1993 Talkshowet
6%
TV Show 1980 The Innes Book of Records
6%
TV Short 1990 The Library
6%
Music Video 2007 Crash
3%
Web Series 2018-2020 Handy Bean
3%
Film 2018 Mamma Mia! Here We Go Again
3%
TV Short 2007 Mr. Bean's Wedding
3%
TV Show 1998-1999 Ohh, Nooo! Mr. Bill Presents
3%
Music Video 1997 Picture of You
3%
TV Show 2008 Tak & the Power of Juju
3%
TV Short 1991 The Bus Stop
3%
TV Special 2012 The Olympics Opening Ceremony
3%
TV Show 1995-1996 The Thin Blue Lines
3%
Film 2017 Top Funny Comedian: The Movie
3%
TV Show 2011 Top Gear
3%
Film 1995 Unseen Bean
3%
Video Game 1994 Animated StoryBook: The Lion King
0%
Commercial 1983 Appletiser
0%
Commercial 1991-1997 Barclaycard
0%
TV Film 1991 Bernard and the Genie
0%
TV Documentary 2023 Blackadder: A Cunning Story
0%
TV Short 1988 Blackadder: The Cavalier Years
0%
TV Short 1993 Blind Date
0%
TV Show 2007 Blue Peter
0%
TV Show 2009, 2010 Bondi Rescue
0%
Short Film 2017 British Airways Safety Video
0%
TV Show 2022 CBeebies Bedtime Story
0%
TV Special 2003 Comic Relief 2003: The Big Hair Do
0%
TV Special 2007 Comic Relief 2007: The Big One
0%
TV Special 1993 Comic Relief: The Invasion of the Comic Tomatoes
0%
Short Film 1983 Dead on Time
0%
TV Special 1992 Election 92
0%
Commercial 2018 Etisalat
0%
Commercial 1999 Fuji Camera Film
0%
TV Film 1995 Full Throttle
0%
Short Film 1982 Fundamental Frolics
0%
Commercial 1989 Give Blood
0%
Web Series 2023 Gown and Out in Beverly Hills
0%
TV Documentary 2021 Happy Birthday Mr. Bean
0%
TV Show 2015 Horrible Histories
0%
TV Special 1989 Hysteria 2!
0%
Music Video 1992 (I Want to Be) Elected
0%
Commercial 1980 Kronenbourg 1664
0%
TV Special 2013 Live from Lambeth Palace Sketches
0%
TV Short 2003 Lying to Michael Jackson
0%
Commercial 1997 M&M's
0%
Music Video 2018 Moves
0%
Short Film 1991 Mr. Bean Goes to a Première
0%
Short Film 1991 Mr. Bean Takes an Exam
0%
Commercial 1999 Nissan Tino
0%
TV Show TBA Old Bean
0%
Theater 2008-2009 Oliver!
0%
TV Special 1980 Peter Cook & Co
0%
TV Show 2003 Pet Star
0%
TV Short 1991 Police Station
0%
TV Short 2001 Popsters
0%
Theater 2013 Quatermaine's Terms
0%
Music Video 1983 Rainbow in the Dark
0%
TV Film 1996 Reflections of Mr. Bean
0%
Commercial 1994 REMA 1000
0%
Theater 1986 Rowan Atkinson at the Atkinson
0%
Theater 1986 Rowan Atkinson in New Revue
0%
Theater 1980-1981 Rowan Atkinson in Revue
0%
TV Special 1992 Rowan Atkinson Live
0%
TV Short 2005 Spider-Plant Man
0%
Short Film 1988 The Appointments of Dennis Jennings
0%
TV Documentary 1991 The Driven Man
0%
TV Special 1987 The Grand Knockout Tournament
0%
TV Film 2002 The Jubilee Girl
0%
Theater 1984-1985 The Nerd
0%
TV Special 1981 The Secret Policeman's Other Ball
0%
TV Special 1979 The Secret's Policeman's Ball
0%
Theater 1988-1989 The Sneeze
0%
TV Documentary 1997 The Story of Bean
0%
TV Short 1995 Torvill & Bean
0%
No matching quizzes found
Score Distribution
Percent of People with Each Score
Percentile by Number Answered
Your Score History
You have not taken this quiz since the last reset